000 00547nam a2200217Ia 4500
003 OSt
005 20260115145955.0
008 221004b |||||||| |||| 00| 0 tel d
037 _cTB
040 _aAL
_cAL
_btel
041 _2tel
_atel
084 _aV2, 35N1
_qAL
100 _aNikhileswar
_9220872
245 0 _aNalugu satabdala Sakshiga na maha nagaram
260 _c1991
300 _a72p.
365 _b10.00
_cINR
650 _aHISTORY
_9875948
942 _hV2, 35N1
_cTB
_2CC
_n0
999 _c1050836
_d1050836